Essays on the Constitution of Pakistan, (Record no. 56142)

MARC details
000 -LEADER
fixed length control field 00723cam a22002291 4500
001 - CONTROL NUMBER
control field sa 64000301
003 - CONTROL NUMBER IDENTIFIER
control field DLC
005 - DATE AND TIME OF LATEST TRANSACTION
control field 20260227111955.0
008 - FIXED-LENGTH DATA ELEMENTS--GENERAL INFORMATION
fixed length control field 790305s1956 pk b 000 0 eng
010 ## - LIBRARY OF CONGRESS CONTROL NUMBER
LC control number sa 64000301
035 ## - SYSTEM CONTROL NUMBER
System control number (OCoLC)4711194
040 ## - CATALOGING SOURCE
Original cataloging agency DLC
Transcribing agency IEdS
Modifying agency IEdS
-- OCoLC
-- DLC
042 ## - AUTHENTICATION CODE
Authentication code premarc
050 00 - LIBRARY OF CONGRESS CALL NUMBER
Classification number KPL1750
Item number .N39 1956
100 1# - MAIN ENTRY--PERSONAL NAME
Personal name Newman, Karl J.
Fuller form of name (Karl John)
245 00 - TITLE STATEMENT
Title Essays on the Constitution of Pakistan,
Remainder of title including the draft and final constitutions of Pakistan with comments.
250 ## - EDITION STATEMENT
Edition statement [1st ed.]
260 ## - PUBLICATION, DISTRIBUTION, ETC.
Place of publication, distribution, etc. Dacca,
Name of publisher, distributor, etc. Pakistan Co-operative Book Society
Date of publication, distribution, etc. [1956]
300 ## - PHYSICAL DESCRIPTION
Extent 395 p.
Dimensions 23 cm.
504 ## - BIBLIOGRAPHY, ETC. NOTE
Bibliography, etc. note Includes bibliography.
650 #0 - SUBJECT ADDED ENTRY--TOPICAL TERM
Topical term or geographic name entry element Constitutional law
Geographic subdivision Pakistan.

No items available.

Powered by Koha